000
00266nam a2200109Ia 4500
008
220204s9999 xx 000 0 und d
082
_a
82-3
_b
CHR
100
_a
Christie, Agatha
245
4
_a
The Mystery of the blue train
260
_a
London
_b
Pan
_c
1983
942
_c
BK
999
_c
37548
_d
37548